[Event "Albena op-A"]
[Site "Albena"]
[Date "2016.06.20"]
[Round "3"]
[White "Ozerov, Ilja"]
[Black "Cakan, Cem"]
[Result "0-1"]
[WhiteElo "2185"]
[BlackElo "1939"]
[PlyCount "46"]
[EventDate "2016.06.18"]
[EventType "swiss"]
[EventRounds "9"]
[EventCountry "BUL"]
[SourceTitle "CBM 173 Extra"]
[Source "ChessBase"]
[SourceDate "2016.08.29"]
[SourceVersion "1"]
[SourceVersionDate "2016.08.29"]
[SourceQuality "1"]

1. d3 d5 2. f4 g6 3. Nf3 Bg7 4. g3 Nf6 5. Bg2 0-0 6. 0-0 c5 7. Qe1 Nc6 8. Na3 Rb8 9. Nh4 b5 10. c4 bxc4 11. dxc4 Ba6 12. Be3 Nd4 13. Bc1 dxc4 14. e3 c3 15. b3 Ne2+ 16. Kh1 Nxc1 17. Rxc1 Bxf1 18. Qxf1 Qd2 19. Nc4 Qxa2 20. e4 Rfd8 21. e5 Nd5 22. f5 Bh6 23. Ra1 Qxa1 0-1

[Event "TUR-chT"]
[Site "Kocaeli"]
[Date "2008.06.28"]
[Round "9"]
[White "Dogan, Ali Ekber"]
[Black "Cakan, Cem"]
[Result "1-0"]
[WhiteElo "2027"]
[BlackElo "2037"]
[PlyCount "74"]
[EventDate "2008.06.24"]
[EventType "team"]
[EventRounds "15"]
[EventCountry "TUR"]
[SourceTitle "CBM 125 Extra"]
[Source "ChessBase"]
[SourceDate "2008.09.01"]
[SourceVersion "1"]
[SourceVersionDate "2008.09.01"]
[SourceQuality "1"]

1. d4 Nf6 2. Nf3 e6 3. c4 b6 4. g3 Ba6 5. b3 Bb4+ 6. Bd2 Be7 7. Bg2 c6 8. 0-0 d5 9. Ne5 Nfd7 10. Nxd7 Nxd7 11. Bc3 0-0 12. Re1 Rc8 13. Nd2 c5 14. cxd5 exd5 15. Rc1 Nf6 16. Nf1 c4 17. Nd2 Ba3 18. Rc2 Qd6 19. bxc4 Bxc4 20. Qb1 Rfe8 21. f3 Re3 22. Kf2 Qe7 23. Nxc4 Rxc4 24. Bd2 Rxc2 25. Qxc2 Re6 26. Bf4 Qb4 27. Rd1 Qb5 28. Rd3 Bb4 29. a3 Bf8 30. Rc3 Qa6 31. Bh3 Re8 32. Be5 Be7 33. Bf5 h6 34. Bd3 Qa5 35. Rc8 Rd8 36. Qc7 Rxc8 37. Qxc8+ Bf8 1-0